| 000 | 00734nam a22002057a 4500 | ||
|---|---|---|---|
| 999 |
_c11964 _d11964 |
||
| 003 | AR-CdUCM | ||
| 008 | 190405b ||||| |||| 00| 0 spa d | ||
| 040 |
_aMUNICIPALIDAD PROVINCIAL DEL CUSCO _cBIBLIOTECA MUNICIPAL DEL CUSCO |
||
| 082 |
_a869.56 / _bM94 / 1947 |
||
| 100 |
_aMuñoz Cota, José _918240 |
||
| 245 | _aConstrucción de Alberto Hidalgo / | ||
| 260 |
_aAsunción : _bEditorial firmamento, _c1947. |
||
| 300 |
_a61 páginas ; _c18 cm. |
||
| 505 | _aContenido: Nacimiento en Arequipa -- Ausencias o presencias -- Eternidad de Elvira -- Esencia de la agudeza ilustrada... | ||
| 650 |
_aBiografia _9437 |
||
| 650 |
_aArequipa _91703 |
||
| 650 |
_aOda a Stalin _929601 |
||
| 942 |
_2ddc _cLIBROS |
||
| 945 |
_adavv _d05/04/2019 |
||